000 00287 a2200121 4500
001 49171
040 _cAnchieta - Bela Vista
240 1 0 _aLook and Say first shapes
_leng
245 1 0 _aLook and Say first shapes
362 0 _a2012
650 4 _aLiteratura infantil em inglês
942 _cBK
999 _c49171
_d49171